00601nam a22001332 4500001001100000005001700011008004100028040000800069245021100077260010400288300002300392650003000415050002200445000001691820140825164657.0090701s1988 xx 000 0 eng d aPUL04aThe Christian as minister :ban inquiry into ordained, consecrated, and commissioned ministries in the United Methodist Church /cRobert F. Kohler, editor ; editorial committee, Joaquin Garcia ... [et al.]. aNashville, Tenn. :bGeneral Board of Higher Education and Ministry, United Methodist Church,c1988. a104 p. ;c26 cm. 0aMethodist ChurchxClergy. aBX8345b.C45 1988